书目信息 |
| 题名: |
结构优化
|
|
| 作者: | 王稳 著 | |
| 分册: | ||
| 出版信息: | 北京 中国水利水电出版社 2020.06 |
|
| 页数: | 285页 | |
| 开本: | 24cm | |
| 丛书名: | ||
| 单 册: | ||
| 中图分类: | G852.02 | |
| 科图分类: | ||
| 主题词: | 武术--wu shu--体育教学--教学研究 | |
| 电子资源: | ||
| ISBN: | 978-7-5170-8412-9 | |
| 000 | 00994nam0 2200253 450 | |
| 001 | 0109110102 | |
| 005 | 20201109110334.0 | |
| 010 | @a978-7-5170-8412-9@dCNY90.00 | |
| 100 | @a20200713d2020 em y0chiy50 ea | |
| 101 | 0 | @achi |
| 102 | @aCN@b110000 | |
| 105 | @aak az 000yy | |
| 106 | @ar | |
| 200 | 1 | @a结构优化@Ajie gou you hua@e供给侧改革视域下学校武术教育的发展探索@f王稳著 |
| 210 | @a北京@c中国水利水电出版社@d2020.06 | |
| 215 | @a285页@c图@d24cm | |
| 320 | @a有书目 | |
| 330 | @a本书将学校武术教育置于供给侧视域下进行研究,以供给侧改革理论为指导,重新设计武术课程教学体系,革新武术教学内容与方法,加强各类武术课程的建设,力求构建一个有利于我国学校武术教育可持续发展的体系。 | |
| 517 | 1 | @a供给侧改革视域下学校武术教育的发展探索@Agong ji ce gai ge shi yu xia xue xiao wu shu jiao yu de fa zhan tan suo |
| 606 | 0 | @a武术@Awu shu@x体育教学@x教学研究 |
| 690 | @aG852.02@v5 | |
| 701 | 0 | @a王稳@Awang wen@4著 |
| 801 | 0 | @aCN@bBJSZM@c20201103 |
| 905 | @b1266341-5@dG852.02@e497@f5 | |
| 结构优化:供给侧改革视域下学校武术教育的发展探索/王稳著.-北京:中国水利水电出版社,2020.06 |
| 285页:图;24cm |
| ISBN 978-7-5170-8412-9:CNY90.00 |
| 本书将学校武术教育置于供给侧视域下进行研究,以供给侧改革理论为指导,重新设计武术课程教学体系,革新武术教学内容与方法,加强各类武术课程的建设,力求构建一个有利于我国学校武术教育可持续发展的体系。 |
| ● |
| 相关链接 |
|
|
|
|
正题名:结构优化
索取号:G852.02/497
 
预约/预借
| 序号 | 登录号 | 条形码 | 馆藏地/架位号 | 状态 | 备注 |
| 1 | 1266341 | 212663410 | 教育系资料室/ [索取号:G852.02/497] | 在馆 | |
| 2 | 1266342 | 212663429 | 教育系资料室/ [索取号:G852.02/497] | 在馆 | |
| 3 | 1266343 | 212663438 | 教育系资料室/ [索取号:G852.02/497] | 在馆 | |
| 4 | 1266344 | 212663447 | 第四借阅区/ [索取号:G852.02/497] | 在馆 | |
| 5 | 1266345 | 212663456 | 第四借阅区/ [索取号:G852.02/497] | 在馆 | |
| 6 | 1289803 | 212898033 | 第一样本阅览室/ [索取号:G852.02/497] | 在馆 | |
| 7 | 1289804 | 212898042 | 第四借阅区/ [索取号:G852.02/497] | 在馆 | |
| 8 | 1289805 | 212898051 | 第四借阅区/ [索取号:G852.02/497] | 在馆 | |
| 9 | 1289806 | 212898060 | 第四借阅区/ [索取号:G852.02/497] | 在馆 |